00327nam a22001217a 4500082001000000100001200010245009800022260003300120300001000153526001900163650001200182700001100194 aP-240 aArshad. aComputer aided design of composite deck bridge (superstructure)cZubair, Tariq Malik, Bashir. aRisalpur:bMCE.c23-04-2003. a140.: a0b0c0dP_240 aProject aArshad